Sayings About Animals #1 - Statistics

General Stats
  • This quiz has been taken 108,055 times
  • The average score is 16 of 20
Answer Stats
Cliche % Correct
Curiosity killed the {cat}
97%
The boy who cried {wolf}
95%
The early bird gets the {worm}
94%
Blind as a {bat}
91%
You can lead a {horse} to water, but you can't make it drink
91%
Like a {chicken} with its head cut off
88%
A {bird} in the hand is worth two in the bush
87%
Down the {rabbit} hole
87%
{Monkey} see, {monkey} do
86%
The {dog} days of summer
85%
Like a {bull} in a china shop
82%
Like shooting {fish} in a barrel
79%
Poor as a church {mouse}
79%
Stubborn as a {mule}
76%
Like water off a {duck}'s back
75%
A {bee} in one's bonnet
67%
Sly as a {fox}
63%
A {fly} in the ointment
58%
What's good for the goose is good for the {gander}
58%
Pearls before {swine}
37%
No matching quizzes found
Score Distribution
Percent of People with Each Score
Percentile by Number Answered
Your Score History
You have not taken this quiz